| 000 | 00727nam a22002537a 4500 | ||
|---|---|---|---|
| 003 | CHAP | ||
| 005 | 20220329141614.0 | ||
| 008 | 971013s1901 r 00010 d | ||
| 010 | _a70896 | ||
| 011 | _a71868 | ||
| 035 | _a81422 | ||
| 040 | _cCHAP | ||
| 082 |
_a634.81 _bH5 |
||
| 245 | _aDatos relativos a la Phylloxera vastatrix en la provincia de Malaga | ||
| 260 |
_aMéxico /s.e./, _c1901 |
||
| 300 | _app./73-146/ | ||
| 501 | _aEnc. con otros impresos similares | ||
| 590 |
_aBATCH-UPD _b10 _c20130110 _lUCH01 _h0342 |
||
| 590 |
_aCONVERSION _b10 _c20130109 _lUCH01 _h1339 |
||
| 650 | 1 | 4 |
_aPhylloxera vitifoliae. _987887 |
| 901 | _aBK | ||
| 942 | _cLIBRO | ||
| 949 |
_a634.81 H5 _bBC _cBPA _d-34751 _eBPA _h23370 _i81422 _si |
||
| 999 |
_c70896 _d70896 |
||